[Event "SLO-ch blind int 13th"]
[Site "Izola"]
[Date "2019.06.05"]
[Round "3"]
[White "Vaupotic, Franc"]
[Black "Ursic, Aleksander"]
[Result "1/2-1/2"]
[WhiteElo "1613"]
[BlackElo "1905"]
[PlyCount "57"]
[EventDate "2019.06.03"]
[EventType "swiss"]
[EventRounds "7"]
[EventCountry "SLO"]
[SourceTitle "CBM 190 Extra"]
[Source "ChessBase"]
[SourceDate "2019.07.15"]
[SourceVersion "1"]
[SourceVersionDate "2019.07.15"]
[SourceQuality "1"]

1. e4 e5 2. Nf3 Nc6 3. Bc4 Nf6 4. d3 Be7 5. 0-0 0-0 6. c3 d6 7. Be3 h6 8. Nbd2 Nh7 9. d4 Kh8 10. Bb5 f6 11. Nh4 Qe8 12. d5 a6 13. Be2 Nb8 14. Bh5 Qd8 15. Ng6+ Kg8 16. Nxf8 Nxf8 17. f4 c6 18. dxc6 bxc6 19. Nc4 Be6 20. Nb6 Ra7 21. f5 Bf7 22. Bxf7+ Kxf7 23. Qh5+ Kg8 24. Rf3 Nfd7 25. Bxh6 Qxb6+ 26. Kh1 Bf8 27. Rg3 Nc5 28. Bxg7 Rxg7 29. Rxg7+ 1/2-1/2

[Event "SLO-ch blind"]
[Site "Okroglo"]
[Date "2008.04.26"]
[Round "1"]
[White "Vaupotic, Franc"]
[Black "Cizman, Gregor"]
[Result "0-1"]
[WhiteElo "1500"]
[BlackElo "1867"]
[PlyCount "120"]
[EventDate "2008.04.26"]
[EventType "swiss"]
[EventRounds "9"]
[EventCountry "SLO"]
[SourceTitle "EXT 2010"]
[Source "ChessBase"]
[SourceDate "2010.11.25"]
[SourceVersion "1"]
[SourceVersionDate "2010.11.25"]
[SourceQuality "1"]

1. e4 d5 2. exd5 Qxd5 3. Nc3 Qa5 4. d4 c6 5. Nf3 Nf6 6. Bd2 Qc7 7. h3 Bf5 8. Nh4 Qd7 9. Nxf5 Qxf5 10. Bd3 Qd7 11. Be3 e6 12. a3 Bd6 13. Ne4 Nxe4 14. Bxe4 Qc7 15. Qg4 g6 16. Bh6 f5 17. Bxf5 exf5 18. Qf3 Na6 19. 0-0-0 0-0-0 20. Rhe1 Rhe8 21. Bg5 Be7 22. Bf4 Bd6 23. Bg5 Rxe1 24. Rxe1 Rg8 25. Qe3 Qd7 26. Qb3 Re8 27. Be3 Nc7 28. Rd1 Nd5 29. Bh6 Qe6 30. c4 Bf4+ 31. Bxf4 Nxf4 32. d5 cxd5 33. cxd5 Qd6 34. g4 fxg4 35. hxg4 Re5 36. Rh1 h5 37. Kb1 Kb8 38. gxh5 Rxh5 39. Rxh5 Nxh5 40. Qc2 Nf4 41. Qe4 Nxd5 42. Qe8+ Kc7 43. Qf7+ Ne7 44. Qc4+ Kb8 45. Qc3 b6 46. Qh8+ Kb7 47. Qh1+ Qd5 48. Qe1 Nf5 49. Qe8 Qc6 50. Qf7+ Ka6 51. Qb3 Qe4+ 52. Ka2 Nd6 53. Qg3 Qd5+ 54. Ka1 g5 55. f4 gxf4 56. Qxf4 Nc4 57. Qf1 Qd4 58. Qe2 Kb5 59. Qf1 a5 60. Qe1 Qd2 0-1